| 000 | 00602nam a22002055i 4500 | ||
|---|---|---|---|
| 001 | 177430 | ||
| 003 | ES-MaACL | ||
| 005 | 20230906220328.0 | ||
| 008 | 110322s2011 sp |||| | spa d | ||
| 020 | _a978-84-614-6200-1 | ||
| 080 | _a821.134.2-34"19" | ||
| 100 | 1 |
_aFuenzalida, Elisa. _9145804 |
|
| 245 | 1 | 0 |
_a19 cuentos selectos al cuadrado / _cElisa Fuenzalida. |
| 260 |
_aMadrid : _bPapel de fumar, _cD. L. 2011. |
||
| 300 |
_a102 p. , [1] h. con fot. en bl. y n. ; _c20 cm. |
||
| 490 | 1 | _aIrreales | |
| 830 | 0 |
_aIrreales _9224184 |
|
| 852 |
_aES-MaACL _j2305-F-9 |
||
| 999 |
_c177430 _d177430 |
||